| 000 | 00471nam a2200181Ia 4500 | ||
|---|---|---|---|
| 005 | 20250423095925.0 | ||
| 008 | 250422s9999 xx 000 0 und d | ||
| 020 | _a0-86553-089-0 | ||
| 050 | _aPS3569.C5144K4 | ||
| 100 | _aSteven Schlossstein | ||
| 245 | 0 | _aKensei: A Novel of Computer-Chip Rivalry and the Trade War on America | |
| 260 | _aNew York | ||
| 260 | _bCongdon & Weed, Inc. | ||
| 260 | _c1983 | ||
| 300 | _a329 p | ||
| 650 | _aLiterature | ||
| 942 | _cBK | ||
| 999 |
_c31746 _d31746 |
||